=LDR 00000nam 2200000 4500 =001 INLIS000000000046843 =005 20200407102909 =035 ##$$a 0010-051500000000102 =008 200407################g##########0#ind## =020 ##$$a 978-602-8739-32-6 =040 ##$$a NBPDMAT =082 ##$$a 243.095 98 =090 ##$$a 243.095 98 $b Jar j =245 ##$$a Jaringan kerja penginjilan dan dampak pemahaman misi kekristenan terhadap oikumene dan kemajemukan di Indonesia /$c editor, Wakhid Sugiyanto =260 ##$$a Jakarta :$b Badan Libang dan Diklat Kementrian Agama RI,$c 2014 =300 ##$$a xxx, 394 hlm ; $c 21 x 15 cm =650 #4$$a Indonesia - Kehidupan beragama (Kristen) =084 ##$$a 243.095 98 JAR =250 ##$$a cet. 1 =700 #$$a Wakhid Sugiyanto =990 ##$$a 31500322